Escola d'Istiu de Barcelona, per a mestres, professors especials, institutrius, sacerdots, religioses, estudiants i mares de família / a càrrec del Consell de Pedagogia de la Diputació de Barcelona
Descripción Física:
6 v. ; 22 cm
MARC
| LEADER | 00000nam a2200000Ia 4500 | ||
|---|---|---|---|
| 001 | 10288, 10289, 10290, 10291, 15868, 16094 | ||
| 003 | BGR | ||
| 005 | 20260410113706.0 | ||
| 008 | 160829s9999 xx 000 0 cat d | ||
| 080 | |a RF-7-34, RF-3-37, RF-3-38, RF-3-39, RF-3-41, RF-3-40 | ||
| 111 | |a Escola d'Estiu (Barcelona) |9 70796 |c (Barcelona : |d 1914-1919) | ||
| 245 | |a Escola d'Istiu de Barcelona, per a mestres, professors especials, institutrius, sacerdots, religioses, estudiants i mares de família / a càrrec del Consell de Pedagogia de la Diputació de Barcelona | ||
| 260 | |a Barcelona : |b (Imp. de la Casa de Caritat), [s.a.] | ||
| 300 | |a 6 v. ; |c 22 cm | ||
| 590 | |a El fulletó de l'any primer prové de 2884, exp. 1. | ||
| 590 | |a Hi ha un duplicat del segon any, DUP-186-53, que prové de 2887, exp. 2; del tercer any, DUP-186-48, que prové de 2889, exp. 1; del quart any, DUP-186-49, que prové de 2889, exp. 2. | ||
| 590 | |a El fulletó del cinquè any (1918) s'afegeix: Cursos d'extensió i perfeccionament. Hi ha duplicats de 1915, 1916 i 1918 a 2890, exp.2. | ||
| 590 | |a Exposició: Obrim l'Arxiu 2008 | ||
| 650 | 0 | |a Mestres |x Educació (Educació permanent) |z Catalunya |9 22005 | |
| 710 | 1 | |a Barcelona (Catalunya : Província). |b Consell de Pedagogia |9 54044 | |
| 856 | 4 | |u https://media.diba.cat/diba/fitxers/arxiu/fulletons/bib_16094_1914_baixa.pdf |y Any 1914 | |
| 856 | 4 | |u https://media.diba.cat/diba/fitxers/arxiu/fulletons/bib_15868_1915_baixa.pdf |y Any 1915 | |
| 856 | 4 | |u https://media.diba.cat/diba/fitxers/arxiu/fulletons/bib_10291_1919_baixa.pdf |y Any 1919 | |
| 856 | 4 | |u https://media.diba.cat/diba/fitxers/arxiu/fulletons/bib_10290_1918_baixa.pdf |y Any 1918 | |
| 856 | 4 | |u https://media.diba.cat/diba/fitxers/arxiu/fulletons/bib_10289_1917_baixa.pdf |y Any 1917 | |
| 856 | 4 | |u https://media.diba.cat/diba/fitxers/arxiu/fulletons/bib_10288_1916_baixa.pdf |y Any 1916 | |
| 856 | 4 | |u https://media.diba.cat/diba/fitxers/arxiu/fulletons/bib_16094_1914_baixa.pdf |y Any 1914 | |
| 856 | 4 | |u https://media.diba.cat/diba/fitxers/arxiu/fulletons/bib_15868_1915_baixa.pdf |y Any 1915 | |
| 856 | 4 | |u https://media.diba.cat/diba/fitxers/arxiu/fulletons/bib_10291_1919_baixa.pdf |y Any 1919 | |
| 856 | 4 | |u https://media.diba.cat/diba/fitxers/arxiu/fulletons/bib_10290_1918_baixa.pdf |y Any 1918 | |
| 856 | 4 | |u https://media.diba.cat/diba/fitxers/arxiu/fulletons/bib_10289_1917_baixa.pdf |y Any 1917 | |
| 856 | 4 | |u https://media.diba.cat/diba/fitxers/arxiu/fulletons/bib_10288_1916_baixa.pdf |y Any 1916 | |
| 866 | |a Any primer: 1914, segon : 1915, tercer : 1916, quart : 1917, cinquè : 1918, sisè : 1919 | ||
| 900 | |a bib_10289_1917_baixa.pdf | ||
| 900 | |a bib_10290_1918_baixa.pdf | ||
| 900 | |a bib_10291_1919_baixa.pdf | ||
| 900 | |a bib_10288_1916_baixa.pdf | ||
| 900 | |a bib_15868_1915_baixa.pdf | ||
| 900 | |a bib_16094_1914_baixa.pdf | ||
| 901 | |a Arxiu | ||
| 942 | |n 1 |2 udc |c MON | ||
| 952 | |0 0 |1 0 |4 0 |6 RF734_RF337_RF338_RF339_RF341_RF340 |7 1 |9 54587 |a Arxiu |b Arxiu |d 2016-12-01 |l 0 |o RF-7-34, RF-3-37, RF-3-38, RF-3-39, RF-3-41, RF-3-40 |p 10288, 10289, 10290, |r 2016-12-01 00:00:00 |w 2016-12-01 |y ARXIU | ||
| 999 | |c 58456 |d 58456 | ||